MARC details
| 000 -BAŞLIK |
| Sabit Uzunluktaki Kontrol Alanı |
02022nam a22005777a 4500 |
| 001 - KONTROL NUMARASI |
| Control Dosyası |
0051346 |
| 003 - KONTROL NUMARASI KİMLİĞİ |
| Kontrol Alanı |
KOHA_MİRAKIL |
| 005 - EN SON İŞLEM TARİHİ ve ZAMANI |
| Kontrol Alanı |
20260207003802.0 |
| 007 - FİZİKSEL TANIM SABİT ALAN - GENEL BİLGİ |
| Sabit uzunluklu kontrol alanı |
ta |
| 008 - SABİT UZUNLUKTAKİ VERİ ÖGELERİ - GENEL BİLGİ |
| Sabit Alan |
150629b2010 tu a|||gr||||#||||0|tur | |
| 020 ## - ISBN - ULUSLARARASI STANDART KİTAP NUMARASI |
| Isbn |
6053953377 |
| 020 ## - ISBN - ULUSLARARASI STANDART KİTAP NUMARASI |
| Isbn |
|
| -- |
9786053953371 |
| 040 ## - KATALOGLAMA KAYNAĞI |
| Özgün Kataloglama Kurumu |
TR-BiSEU |
| Kataloglama Dili |
tur |
| Çeviri Kurumu |
TR-BiSEU |
| Açıklama Kuralları |
rda |
| 041 0# - DİL KODU |
| Metin ya da ses kaydının dil kodu |
tur |
| 044 ## - YAYINLAYAN/ÜRETEN KURULUŞUN ÜLKE KODU |
| ISO country code |
tu |
| 050 ## - SINIFLAMA ve YER NUMARASI |
| Sınıflama Numarası |
HM851 |
| Yer Numarası |
.B55 2010 |
| 245 0# - ESER ADI BİLDİRİMİ |
| Başlık |
Bilgi ve iletişim teknolojileri ışığında dönüşümler/ |
| Sorumluluk Bildirimi |
Editör H. Ferhan Odabaşı. |
| 264 #1 - ÜRERİM, YAYIN, DAĞITIM ve TELİF BİLDİRİMİ |
| Yayın yeri |
Ankara : |
| Yayınlayan |
Nobel Yayın Dağıtım |
| Yayın tarihi |
2010 |
| 300 ## - FİZİKSEL TANIMLAMA |
| Sayfa, Cilt vb. |
VI, 305 sayfa : |
| Diğer fiziki detaylar |
resimli ; |
| Boyutları |
24 cm. |
| 336 ## - İÇERİK TÜRÜ |
| Content type term |
metin |
| Content type code |
txt |
| Source |
rdacontent |
| 337 ## - MEDYA TÜRÜ |
| Media type term |
aracısız |
| Media type code |
n |
| Source |
rdamedia |
| 338 ## - TAŞIYICI TÜRÜ |
| Carrier type term |
cilt |
| Carrier type code |
nc |
| Source |
rdacarrier |
| 490 1# - DİZİ BİLDİRİMİ |
| Dizi Bildirimi |
Nobel yayın ; |
| Cilt Numarası |
no. |
| 490 1# - DİZİ BİLDİRİMİ |
| Dizi Bildirimi |
1527. |
| 490 1# - DİZİ BİLDİRİMİ |
| Dizi Bildirimi |
Eğitim bilimleri ; |
| Cilt Numarası |
360. |
| 500 ## - GENEL NOT |
| Genel Not |
Kaynakça var. |
| 650 #0 - KONU BAŞLIĞI EK GİRİŞ - KONU TERİMİ |
| Konusal terim veya coğrafi ad |
Sosyal hareketler. |
| 9 (RLIN) |
15253 |
| 650 #0 - KONU BAŞLIĞI EK GİRİŞ - KONU TERİMİ |
| Konusal terim veya coğrafi ad |
Social movements. |
| 9 (RLIN) |
15251 |
| 650 #0 - KONU BAŞLIĞI EK GİRİŞ - KONU TERİMİ |
| Konusal terim veya coğrafi ad |
Enformasyon toplumu. |
| 9 (RLIN) |
13793 |
| 650 #0 - KONU BAŞLIĞI EK GİRİŞ - KONU TERİMİ |
| Konusal terim veya coğrafi ad |
Information society. |
| 9 (RLIN) |
9152 |
| 650 #0 - KONU BAŞLIĞI EK GİRİŞ - KONU TERİMİ |
| Konusal terim veya coğrafi ad |
Bilgi ağları. |
| 9 (RLIN) |
95444 |
| 650 #0 - KONU BAŞLIĞI EK GİRİŞ - KONU TERİMİ |
| Konusal terim veya coğrafi ad |
Information networks. |
| 9 (RLIN) |
42897 |
| 650 #0 - KONU BAŞLIĞI EK GİRİŞ - KONU TERİMİ |
| Konusal terim veya coğrafi ad |
Eğitim teknolojisi. |
| 9 (RLIN) |
2964 |
| 650 #0 - KONU BAŞLIĞI EK GİRİŞ - KONU TERİMİ |
| Konusal terim veya coğrafi ad |
Educational technology. |
| 9 (RLIN) |
18546 |
| 650 #0 - KONU BAŞLIĞI EK GİRİŞ - KONU TERİMİ |
| Konusal terim veya coğrafi ad |
Bilgisayar destekli eğitim. |
| 9 (RLIN) |
61173 |
| 650 #0 - KONU BAŞLIĞI EK GİRİŞ - KONU TERİMİ |
| Konusal terim veya coğrafi ad |
Computer-assisted instruction. |
| 9 (RLIN) |
11825 |
| 650 #0 - KONU BAŞLIĞI EK GİRİŞ - KONU TERİMİ |
| Konusal terim veya coğrafi ad |
Bilişim teknolojisi--Sosyal açıdan. |
| 9 (RLIN) |
95445 |
| 650 #0 - KONU BAŞLIĞI EK GİRİŞ - KONU TERİMİ |
| Konusal terim veya coğrafi ad |
Information technology--Social aspects. |
| 9 (RLIN) |
42896 |
| 650 #0 - KONU BAŞLIĞI EK GİRİŞ - KONU TERİMİ |
| Konusal terim veya coğrafi ad |
Bilişim teknolojisi--Ekonomik açıdan. |
| 9 (RLIN) |
95446 |
| 650 #0 - KONU BAŞLIĞI EK GİRİŞ - KONU TERİMİ |
| Konusal terim veya coğrafi ad |
Information technology--Economic aspects. |
| 9 (RLIN) |
2261 |
| 650 #0 - KONU BAŞLIĞI EK GİRİŞ - KONU TERİMİ |
| Konusal terim veya coğrafi ad |
Bilişim teknolojisi--Siyasal açıdan. |
| 9 (RLIN) |
95447 |
| 650 #0 - KONU BAŞLIĞI EK GİRİŞ - KONU TERİMİ |
| Konusal terim veya coğrafi ad |
Information technology--Political aspects. |
| 9 (RLIN) |
2442 |
| 650 #0 - KONU BAŞLIĞI EK GİRİŞ - KONU TERİMİ |
| Konusal terim veya coğrafi ad |
İletişim--Sosyal açıdan. |
| 9 (RLIN) |
95448 |
| 650 #0 - KONU BAŞLIĞI EK GİRİŞ - KONU TERİMİ |
| Konusal terim veya coğrafi ad |
Communication--Social aspects. |
| 9 (RLIN) |
15825 |
| 650 #0 - KONU BAŞLIĞI EK GİRİŞ - KONU TERİMİ |
| Konusal terim veya coğrafi ad |
Teknoloji ve uygarlık. |
| 9 (RLIN) |
65656 |
| 650 #0 - KONU BAŞLIĞI EK GİRİŞ - KONU TERİMİ |
| Konusal terim veya coğrafi ad |
Technology and civilization. |
| 9 (RLIN) |
42898 |
| 830 1# - SERİ EK GİRİŞİ - TEKBİÇİM ESER ADI |
| Tekbiçim Başlık |
Nobel yayın ; |
| Volume number/sequential designation |
no. |
| 9 (RLIN) |
1510 |
| 830 1# - SERİ EK GİRİŞİ - TEKBİÇİM ESER ADI |
| Tekbiçim Başlık |
1527. |
| 9 (RLIN) |
95449 |
| 830 1# - SERİ EK GİRİŞİ - TEKBİÇİM ESER ADI |
| Tekbiçim Başlık |
Eğitim bilimleri ; |
| Volume number/sequential designation |
360. |
| 9 (RLIN) |
65532 |
| 942 ## - EK GİRİŞ ÖGELERİ (KOHA) |
| Source of classification or shelving scheme |
Library of Congress Classification |
| Koha item type |
Book |